000 004570000a22001690004500
003 LK-CoMWRAF
008 230817t ||||| |||| 00| 0 eng d
020 _a0671733419
040 _aLK-CoMWRAF
_dLK-CoMWRAF
_eLK-CoMWRAF
041 _aeng
082 _a095
_bNOR
100 _aNorwood, Robin
245 _aWomen Who Love Too Much
_bWhen you keep Wishing and Hoping He'll Change
260 _bPocket Books
_aNew York
_c1997
300 _ap.308
942 _cBK
999 _c1100
_d1100